000 01021nam a2200265Ia 4500
003 OSt
005 20221005111147.0
006 a|||||r|||| 00| 0
007 ta
008 221004b |||||||| |||| 00| 0 hin d
020 _a8170555000 (hbk)
_c175
024 _a23205
037 _b217, 16/11/2015, Eastern Book Linkers
_cTextual
040 _aCRL
_cCRL
_bhin
041 _2hin
_ahin
082 _aP152:(D65,8(B)), 152P2
100 _aमल्होत्रा, विजय कुमार
245 0 _aकंप्यूटर के भाषिक अनुप्रयोग
246 _aKanpyūṭar ke bhāṣhik anuprayoga
260 _aनई दिल्ली
_bवाणी प्रकाशन भारत
_c1998
300 _a272पृ0
_ccm.
650 _aहिन्दी भाषा
942 _hP152:(D65,8(B)), 152P2
_cTEXL
_2cc
999 _c1020989
_d1020989